Immigration Frankreich - Statistiken

Allgemein
  • Dieses Quiz wurde 92 mal gespielt
  • Das Durchschnittsergebnis liegt bei 13 aus 20
Antwortstatistiken
Platz Land Anzahl % Korrekt
12. Deutschland 115.100
96%
1. Algerien 823.500
92%
6. Spanien 247.700
92%
2. Marokko 771.300
89%
4. Italien 286.500
86%
3. Portugal 618.200
83%
5. Tunesien 283.800
83%
11. Belgien 119.000
81%
8. Vereinigtes Königreich 145.900
81%
7. Türkei 246.300
80%
14. China 105.700
70%
16. Polen 89.400
70%
13. Senegal 105.900
67%
18. DR Kongo 85.100
61%
19. Kamerun 84.800
52%
9. Rumänien 125.600
45%
15. Elfenbeinküste 94.400
43%
20. Serbien 79.700
34%
17. Haiti 87.000
22%
10. Komoren 119.300
5%
Keine übereinstimmenden Quizze gefunden
Verteilung der Resultate
Anzahl Personen mit jedem Resultat
Perzentil nach korrekt beantworteten Fragen
Ihre Resultats-Entwicklung
Sie haben dieses Quiz noch nicht gespielt